000
00286nam a22001337a 4500
003
SGT
082
_a
617.643
_b
C17G
100
_a
GUPTA,MEGHA
245
_a
A COMPARETIVE STUDY OF DIAGNOSTIC
260
_a
SGTU
_c
2017
300
_a
61
650
_a
ORAL SURGERY DENTAL
942
_2
ddc
_c
TH
999
_c
20635
_d
20635